00834cam a22002177a 4500003000500000005001700005008004100022010001000063011001000073035001000083040000900093100003100102245018800133260004000321300001000361502010400371650001800475650004200493650002700535710005400562CHAP20220329141520.0971013s1989 r 00010 d a69396 a70368 a79849 cCHAP00aOrrantia Orrantia, Manuel.10aComparación de los métodos de aplicación tópica y residual para determinar la DL50 de varios insecticidas en el gusano soldado Spodoptera exigua Hbn (Lepidóptera: Noctuidae) aChapingo, Méx. :bEl autor,c1989 a72 h. aTesis (Ing. Agrónomo Esp. en Parasitología) -- UACH. Departamento de Parasitología Agrícola14aInsecticidas.14aInsectosxResistencia a insecticidas.14aPseudaletia unipuncta.0 aUACH. Departamento de Parasitología Agrícola.